00887naa a2200181 i 45000010005000000030009000050050017000140080039000310400036000700800008001061000157001142450101002715000021003725200123003936500022005166500034005387730133005724085KOSZ 00520180320114322.0151123s1999 pl | | |000 ||pol cKOSZ 005aKOSZ 005dKOSZ 005/HR a3361 aZAWADZKA, Danuta.d1999-2006.bPolitechnika Koszalińska - Wydział Ekonomii i Zarządzania,cKatedra Rachunkowości i Finansów, Zakład Finansów10a"Venture capital" jako forma pozyskiwania kapitału przez przedsiębiorstwa /cDanuta Zawadzka. aDane z autopsji. aAutorka przedstawia istotę capital venture oraz jego obecność na polskim rynku, w polskich przedsiębiorstwach. a Venture capital. 0aPrzedsiębiorstwo - finanse.0 iW :tKoszalińskie Studia i Materiały. -dKoszalin : Wydaw. Uczelniane Politechniki Koszalińskiej, 1999. -gnr 1, s. 247-254